000 00459nam a22001817a 4500
003 OSt
005 20260606104343.0
008 260606b |||||||| |||| 00| 0 eng d
020 _a9789355424969
082 _a006.3 AMG
100 _aAMINIAN,Ali
245 _aGenerative AI System Design Interview
250 _a1st Ed Rep
260 _aNew Delhi
_bShroff Publishers and Distributors
_c2024
300 _a369p.
700 _aSHENG,Hao
942 _2ddc
_cREF
999 _c14005
_d14005